LEADER 01103nam a2200277 u 4500 001 000000086343 003 CaOOAMICUS 005 20070226124304.0 008 050928s1947 it cfh u000 u ita u 035 $a11060532 040 $aPUL(R)$bita 041 1 $aita$ager 100 1 $aVogelweide, Walter von der.$0(OLS)http://pul/name/56516 240 10$aLieder.$lItaliano.$0(OLS)http://pul/title/111912 245 10$aCanti /$cWalther von der Vogelweide ; [a cura di Guido Manacorda]. 260 $aFirenze :$bFussi,$c1947. 300 $a99 p., [2] c. di tav. :$britr., facsim. ;$c17 cm 490 1 $aIl melagrano ;$v23 546 $aTesto a fronte italiano e tedesco. 700 1 $aManacorda, Guido,$d1879-1965.$0(OLS)http://pul/name/5172 830 3$aIl melagrano ;$v23.$0(OLS)http://pul/title/9155 850 $aPUL 852 $aPUL$W1$xDP1 Fondo Cecchetti$y53$m293 B 25$j109631$nBK-PRI$b $qFondi$B109631$CPULBib$Z2$F109631 $HPUL3229 $81 941 1 $a1 996 $6245$aCanti$9(OLS)http://pul/title/111913 996 $6260$aFirenze :$bFussi$9(OLS)http://pul/publisher/51190 LEADER 01010nam a2200265 u 4500 001 000000073976 003 CaOOAMICUS 005 20070226122418.0 008 021128s1985 it u000 u ita u 035 $a10946239 040 $aPUL$bita 100 1 $aPintor, Sergio.$0(OLS)http://pul/name/19533 245 10$aAnimatori di catechesi :$bfigura e compiti /$cSergio Pintor. 260 $aBologna :$bEDB,$c1985. 300 $a174 p. ;$c20 cm 490 1 $aEducatori e catechisti 500 $aContiene indice. 650 4$aCatechismo.$0(OLS)http://pul/subject/1485 830 0$aEducatori e catechisti.$0(OLS)http://pul/title/63414 850 $aPUL 852 $aPUL$W1$xSL Religione 2$y84$mRH E3 52$j95517$nBK-PRI$b $qStampati altre collocazioni$B95517$CPULBib$Z2$F95517 $H $81 941 1 $a10 961 $aINV: 72466 996 $6245$aAnimatori di catechesi :$bfigura e compiti$9(OLS)http://pul/title/97224 996 $6260$aBologna :$bEDB$9(OLS)http://pul/publisher/56073